Scandinavian Countries English To Turkish - Statistics

General Stats
  • This quiz has been taken 599 times
  • The average score is 7 of 7
Answer Stats
English Türkçe % Correct
Denmark Danimarka
100%
Finland Finlandiya
99%
Sweden İsveç
99%
Norway Norveç
99%
Iceland İzlanda
96%
Faroe Islands Faroe Adaları
87%
Greenland Grönland
85%
No matching quizzes found
Score Distribution
Percent of People with Each Score
Percentile by Number Answered
Your Score History
You have not taken this quiz